000 00253nam a2200097Ia 4500
008 240331s9999 xx 000 0 und d
082 _a303.484
_bAME
100 _aGoldberg,H. ed
245 0 _aAmerican radicals :
_bsome problems and personalities
942 _cL
999 _c1232
_d1232